000 00596cam a2200217ua 4500
001 1485
005 20260515113335.0
008 140308n ii |||gr||||Z||||||eng
020 _a81-7014-151-6
040 _cMAIN
082 _a519.5
100 _aGupta, S. C.,
_eAuthor.
245 _aFundamental of applied statistics
_cby S. C. Gupta
250 _a3rd.
260 _aNew delhi:
_bSultan chand & sons,
_c2000.
300 _a9.70p:
_c23cm.
653 _aProbabilities & applied mathematics
653 _afundamental of applied statistics
700 _aKapoor, V. K.,
_eauthor.
942 _cBK
999 _c1374
_d1374